Regulació de l'escalada / Parc del Garraf
Descripción Física:
1 díptic : map. ; 21 cm
Colección:
Protecció del Medi
Materias:
Escalada -- Garraf
MARC
| LEADER | 00000nam a2200000Ia 4500 | ||
|---|---|---|---|
| 001 | 23481 | ||
| 008 | 160829s2012 xx 000 0 cat d | ||
| 080 | |a FU-61-48 | ||
| 110 | |a Parc del Garraf (Catalunya) |9 9859 | ||
| 245 | |a Regulació de l'escalada / Parc del Garraf | ||
| 260 | |a Barcelona : |b Diputació de Barcelona. Àrea de Territori i Sostenibilitat, |c 2012 | ||
| 300 | |a 1 díptic : |b map. ; |c 21 cm | ||
| 490 | |a Protecció del Medi | ||
| 650 | |a Escalada |x Garraf |9 43689 | ||
| 710 | 1 | |a Barcelona (Catalunya : Província). |b Xarxa de Parcs Naturals |9 7250 | |
| 710 | 1 | |a Barcelona (Catalunya : Província). |b Àrea de Territori i Sostenibilitat |9 52770 | |
| 901 | |a Arxiu | ||
| 942 | |n 1 | ||
| 952 | |0 0 |1 0 |4 0 |6 FU6148 |7 1 |9 51574 |a Arxiu |b Arxiu |d 2012-07-06 |l 0 |o FU-61-48 |p 23481 |r 2016-12-01 00:00:00 |w 2016-12-01 |y ARXIU | ||
| 999 | |c 55419 |d 55419 | ||